[Event "CYCC U12"]
[Site "Kitchener CAN"]
[Date "2006.07.12"]
[Round "6"]
[White "Kleinman, Michael"]
[Black "Calugar, Arthur"]
[Result "1/2-1/2"]
[WhiteElo "1684"]
[BlackElo "2034"]
[PlyCount "109"]
[GameId "2160767910811494"]
[EventDate "2006.07.10"]
[EventType "swiss"]
[EventRounds "7"]
[EventCountry "CAN"]
[SourceTitle "CBM 113 Extra"]
[Source "ChessBase"]
[SourceDate "2006.09.14"]
[SourceVersion "1"]
[SourceVersionDate "2006.09.14"]
[SourceQuality "1"]

1. d4 Nf6 2. Nf3 g6 3. g3 Bg7 4. Bg2 O-O 5. O-O d5 6. Bg5 Ne4 7. Bf4 c5 8. c3 Nc6 9. Nbd2 cxd4 10. cxd4 Qb6 11. Nb3 a5 12. a4 Bg4 13. Be3 Bxf3 14. Bxf3 Rfd8 15. Ra3 e6 16. Kg2 Bf8 17. Ra1 Rac8 18. h4 Nb4 19. Rc1 Rxc1 20. Bxc1 Rc8 21. h5 Nc2 22. Qd3 Bg7 23. hxg6 hxg6 24. Qb5 Qxb5 25. axb5 a4 26. Bxe4 axb3 27. Bxc2 Rxc2 28. e3 Bf8 29. Kf3 Bb4 30. Rd1 Kf8 31. e4 Ke8 32. exd5 exd5 33. Ke3 Be7 34. f3 Bd6 35. g4 Kd7 36. Bd2 Rxb2 37. Kd3 Ra2 38. Rb1 b2 39. Bc3 Ba3 40. Kc2 Kc7 41. Kb3 Ra1 42. Rxa1 bxa1=Q 43. Bxa1 Bc1 44. Bc3 Be3 45. Ba5+ b6 46. Bc3 Kd7 47. Kc2 Ke6 48. Kd3 Bf4 49. Be1 Bc7 50. Bh4 f6 51. Ke3 g5 52. Be1 f5 53. Kd3 Bf4 54. Bb4 fxg4 55. fxg4 1/2-1/2

[Event "CYCC U12"]
[Site "Kitchener CAN"]
[Date "2006.07.13"]
[Round "7"]
[White "Gusev, Nikita"]
[Black "Calugar, Arthur"]
[Result "1/2-1/2"]
[WhiteElo "2034"]
[BlackElo "2034"]
[PlyCount "107"]
[GameId "2160767910811498"]
[EventDate "2006.07.10"]
[EventType "swiss"]
[EventRounds "7"]
[EventCountry "CAN"]
[SourceTitle "CBM 113 Extra"]
[Source "ChessBase"]
[SourceDate "2006.09.14"]
[SourceVersion "1"]
[SourceVersionDate "2006.09.14"]
[SourceQuality "1"]

1. e4 c5 2. Nf3 Nc6 3. d4 cxd4 4. Nxd4 e6 5. Nc3 a6 6. Be3 Qc7 7. Qd2 Nf6 8. f3 Bb4 9. a3 Be7 10. O-O-O Ne5 11. Nb3 b5 12. Qf2 Nc4 13. Bxc4 bxc4 14. Nc5 d6 15. N5a4 Bd7 16. g4 Bxa4 17. Nxa4 Rb8 18. g5 Nd7 19. Rdg1 Qa5 20. Nc3 O-O 21. Bd2 Qb6 22. Qxb6 Nxb6 23. Be3 Rfd8 24. Rd1 Rb7 25. f4 Rdb8 26. Rd2 Nd7 27. Nd1 d5 28. c3 dxe4 29. h4 Nc5 30. Bxc5 Bxc5 31. Re1 e3 32. Nxe3 Bxe3 33. Rxe3 Kf8 34. Re4 Rc8 35. Rd6 Rcb8 36. Rxc4 Rxb2 37. Rd8+ Rxd8 38. Kxb2 Rd2+ 39. Kb3 Rh2 40. Ka4 Rxh4 41. Ka5 h5 42. gxh6 gxh6 43. Kxa6 e5 44. Kb5 exf4 45. Kb6 Rh3 46. a4 Rd3 47. a5 f3 48. Rf4 Rxc3 49. a6 Kg7 50. a7 Ra3 51. Rxf3 Rxf3 52. a8=Q Rf5 53. Qa1+ Kg6 54. Qg1+ 1/2-1/2

[Event "CYCC U12 playoff"]
[Site "Kitchener CAN"]
[Date "2006.07.13"]
[Round "2"]
[White "Calugar, Arthur"]
[Black "Sapozhnikov, Roman"]
[Result "1-0"]
[WhiteElo "2034"]
[BlackElo "1851"]
[PlyCount "97"]
[GameId "2160767910811505"]
[EventDate "2006.07.10"]
[EventType "tourn"]
[EventRounds "4"]
[EventCountry "CAN"]
[SourceTitle "CBM 113 Extra"]
[Source "ChessBase"]
[SourceDate "2006.09.14"]
[SourceVersion "1"]
[SourceVersionDate "2006.09.14"]
[SourceQuality "1"]

1. Nf3 c5 2. b3 d6 3. Bb2 g6 4. e3 Nf6 5. d4 cxd4 6. exd4 d5 7. Bd3 Bg7 8. O-O Bg4 9. h3 Bxf3 10. Qxf3 O-O 11. Nd2 Nc6 12. Qe3 Rc8 13. Rfe1 Re8 14. a3 Qd6 15. Nf3 Nh5 16. Ne5 Nf6 17. Nxc6 Qxc6 18. Rac1 a6 19. c4 Qb6 20. b4 dxc4 21. Bxc4 e6 22. Qb3 Red8 23. Rcd1 Nd5 24. a4 Nf4 25. a5 Qc6 26. Bf1 Qc2 27. Qa3 Nd5 28. Bd3 Qc6 29. Rc1 Qd6 30. Rxc8 Rxc8 31. Be4 Qxb4 32. Qxb4 Nxb4 33. Bxb7 Rb8 34. Be4 Nd5 35. Re2 Rb5 36. Rc2 h5 37. Bxd5 Rxd5 38. Rc8+ Kh7 39. Rc7 f5 40. Rc6 Bxd4 41. Bxd4 Rxd4 42. Rxa6 e5 43. Ra8 Ra4 44. a6 Kh6 45. h4 Kg7 46. a7 e4 47. Kf1 Ra2 48. Kg1 Kf7 49. Rh8 1-0

[Event "CYCC U12 playoff"]
[Site "Kitchener CAN"]
[Date "2006.07.13"]
[Round "3"]
[White "Kleinman, Michael"]
[Black "Calugar, Arthur"]
[Result "1/2-1/2"]
[WhiteElo "1684"]
[BlackElo "2034"]
[PlyCount "50"]
[GameId "2160767910811506"]
[EventDate "2006.07.10"]
[EventType "tourn"]
[EventRounds "4"]
[EventCountry "CAN"]
[SourceTitle "CBM 113 Extra"]
[Source "ChessBase"]
[SourceDate "2006.09.14"]
[SourceVersion "1"]
[SourceVersionDate "2006.09.14"]
[SourceQuality "1"]

1. Nf3 Nf6 2. g3 g6 3. Bg2 Bg7 4. c4 O-O 5. O-O c5 6. Nc3 Nc6 7. d3 d5 8. cxd5 Nxd5 9. Bd2 e5 10. Nxe5 Nxc3 11. Nxc6 Nxd1 12. Nxd8 Bxb2 13. Raxd1 Rxd8 14. Rb1 Bg7 15. Bxb7 Bxb7 16. Rxb7 c4 17. Be3 cxd3 18. exd3 Rxd3 19. Rc1 Be5 20. Re7 Bf6 21. Rb7 Be5 22. Bh6 Rdd8 23. a4 Rdb8 24. Re7 Re8 25. Rd7 Red8 1/2-1/2

[Event "CYCC U12 playoff"]
[Site "Kitchener CAN"]
[Date "2006.07.13"]
[Round "4"]
[White "Calugar, Arthur"]
[Black "Kleinman, Michael"]
[Result "1-0"]
[WhiteElo "2034"]
[BlackElo "1684"]
[PlyCount "77"]
[GameId "2160767910811507"]
[EventDate "2006.07.10"]
[EventType "tourn"]
[EventRounds "4"]
[EventCountry "CAN"]
[SourceTitle "CBM 113 Extra"]
[Source "ChessBase"]
[SourceDate "2006.09.14"]
[SourceVersion "1"]
[SourceVersionDate "2006.09.14"]
[SourceQuality "1"]

1. b3 e5 2. Bb2 Nc6 3. e3 d6 4. g3 Be7 5. Bg2 Nf6 6. c4 Bf5 7. a3 O-O 8. Nc3 Nd7 9. Nge2 Nc5 10. Nc1 Nd3+ 11. Nxd3 Bxd3 12. Bf1 Bxf1 13. Rxf1 Qd7 14. Qc2 f5 15. O-O-O Bf6 16. Nd5 Ne7 17. Nxf6+ Rxf6 18. f4 Ng6 19. fxe5 dxe5 20. h4 Re8 21. h5 Nf8 22. d4 e4 23. d5 Rh6 24. Rh1 Qd6 25. Qc3 Re7 26. c5 Qd7 27. Kb1 b6 28. b4 bxc5 29. bxc5 c6 30. d6 Re8 31. Rdf1 Rb8 32. Ka1 Rb5 33. Rxf5 Rxb2 34. Rxf8+ Kxf8 35. Qxb2 Rf6 36. h6 Rg6 37. Rf1+ Kg8 38. Qb8+ Qc8 39. Qxc8# 1-0

[Event "CAN-ch U20 qual"]
[Site "Kitchener CAN"]
[Date "2006.07.08"]
[Round "1"]
[White "Calugar, Arthur"]
[Black "Derraugh, Geordie"]
[Result "1-0"]
[WhiteElo "2034"]
[BlackElo "1888"]
[PlyCount "151"]
[GameId "2160767910828245"]
[EventDate "2006.07.03"]
[EventType "swiss"]
[EventRounds "4"]
[EventCountry "CAN"]
[SourceTitle "CBM 113 Extra"]
[Source "ChessBase"]
[SourceDate "2006.09.14"]
[SourceVersion "1"]
[SourceVersionDate "2006.09.14"]
[SourceQuality "1"]

1. e4 e5 2. Nf3 Nc6 3. Bb5 a6 4. Ba4 Nf6 5. O-O Be7 6. Re1 b5 7. Bb3 O-O 8. a4 b4 9. d3 d6 10. h3 Be6 11. Nbd2 Nd7 12. Nc4 Nc5 13. Ba2 Qc8 14. c3 b3 15. Bxb3 Nxb3 16. Qxb3 Na5 17. Qa2 Nxc4 18. dxc4 Kh8 19. b3 f5 20. Bg5 Qd8 21. Bxe7 Qxe7 22. Qe2 f4 23. Rad1 g5 24. Nh2 f3 25. Qe3 fxg2 26. Qg3 Rf4 27. Re3 Raf8 28. Rd2 Rg8 29. Qxg2 Rb8 30. b4 Bxc4 31. Rg3 h6 32. Ng4 Qh7 33. f3 Rg8 34. Kh2 Qg7 35. Ne3 Be6 36. Rd1 Qd7 37. a5 Rh4 38. Ng4 Qc8 39. Rg1 Rf8 40. Nf2 Rhf4 41. Nd3 R4f6 42. h4 Qe8 43. Nf2 Qh5 44. Rh1 Rxf3 45. Rxf3 Qxf3 46. Qxf3 Rxf3 47. Kg2 g4 48. Rc1 h5 49. c4 c6 50. Rd1 Bxc4 51. Rxd6 Bb5 52. Rh6+ Kg7 53. Rxh5 Rb3 54. Nxg4 Rxb4 55. Rxe5 Ra4 56. h5 Be2 57. Kg3 Ra3+ 58. Kh4 Ra1 59. Rg5+ Kf8 60. Kg3 Rg1+ 61. Kf4 Bxg4 62. Rxg4 Rf1+ 63. Kg5 Kg7 64. e5 Re1 65. Kf5+ Kh7 66. e6 c5 67. Kf6 Rf1+ 68. Ke7 Kh6 69. Ke8 Kxh5 70. Rc4 Kg6 71. Rxc5 Rb1 72. Rc6 Rh1 73. e7+ Kf5 74. Kd7 Rh7 75. Kd8 Rh1 76. e8=Q 1-0

[Event "CAN-ch U20 qual"]
[Site "Kitchener CAN"]
[Date "2006.07.08"]
[Round "2"]
[White "Xiong, Sonja"]
[Black "Calugar, Arthur"]
[Result "0-1"]
[WhiteElo "1701"]
[BlackElo "2034"]
[PlyCount "70"]
[GameId "2160767910828257"]
[EventDate "2006.07.03"]
[EventType "swiss"]
[EventRounds "4"]
[EventCountry "CAN"]
[SourceTitle "CBM 113 Extra"]
[Source "ChessBase"]
[SourceDate "2006.09.14"]
[SourceVersion "1"]
[SourceVersionDate "2006.09.14"]
[SourceQuality "1"]

1. e4 c5 2. Nf3 Nc6 3. d4 cxd4 4. Nxd4 e6 5. Nc3 a6 6. Be3 Qc7 7. Be2 Nf6 8. O-O Bb4 9. Bf3 Ne5 10. Nce2 Nxf3+ 11. Nxf3 b5 12. c3 Be7 13. Bf4 d6 14. e5 Nd5 15. Bg3 Bb7 16. Re1 O-O 17. Rc1 dxe5 18. Nxe5 Bd6 19. Nd4 Nf6 20. c4 bxc4 21. Rxc4 Qb6 22. Nb3 Bd5 23. Rd4 Rad8 24. Rd3 Ne4 25. Re2 Bxe5 26. Bxe5 Bc4 27. Bd4 Qb5 28. Rxe4 Bxd3 29. Qg4 f6 30. Re1 Qf5 31. Qg3 Bc2 32. Bc5 Rfe8 33. Bb6 Rd3 34. Qc7 Bxb3 35. axb3 Qb5 0-1

[Event "CAN-ch U20 qual"]
[Site "Kitchener CAN"]
[Date "2006.07.08"]
[Round "3"]
[White "Calugar, Arthur"]
[Black "Yang, Michael"]
[Result "0-1"]
[WhiteElo "2034"]
[BlackElo "2021"]
[PlyCount "100"]
[GameId "2160767910828259"]
[EventDate "2006.07.03"]
[EventType "swiss"]
[EventRounds "4"]
[EventCountry "CAN"]
[SourceTitle "CBM 113 Extra"]
[Source "ChessBase"]
[SourceDate "2006.09.14"]
[SourceVersion "1"]
[SourceVersionDate "2006.09.14"]
[SourceQuality "1"]

1. e4 c5 2. Nf3 d6 3. d4 cxd4 4. Nxd4 Nf6 5. Nc3 a6 6. f3 e5 7. Nb3 Be6 8. Be3 Be7 9. Qd2 b5 10. g4 h6 11. O-O-O Nbd7 12. h4 Rc8 13. Bh3 Nb6 14. Na5 b4 15. Ne2 Nbd7 16. Nb3 g5 17. hxg5 hxg5 18. Bxg5 a5 19. Bg2 Rg8 20. Bxf6 Nxf6 21. Kb1 Qb6 22. Nbc1 Nd7 23. Ng3 Nc5 24. Nb3 a4 25. Nxc5 Rxc5 26. Nf5 Bxf5 27. exf5 b3 28. Rc1 Bg5 29. Qd3 Bxc1 30. Rxc1 bxc2+ 31. Rxc2 Rxc2 32. Qxc2 Ke7 33. a3 d5 34. f6+ Qxf6 35. Qxa4 Qb6 36. Qc2 Rh8 37. Qf5 Qg6 38. Qxg6 fxg6 39. Ka2 Rh2 40. Bf1 Rf2 41. Bd3 Kf6 42. a4 Rxf3 43. Bb5 e4 44. a5 Ke5 45. Kb1 d4 46. a6 Rf7 47. Bc6 e3 48. Kc2 Rc7 49. a7 Rxc6+ 50. Kd1 Ra6 0-1

[Event "Kitchener Winter op"]
[Site "Kitchener CAN"]
[Date "2006.02.19"]
[Round "5"]
[White "Calugar, Arthur"]
[Black "Filipovich, David"]
[Result "1-0"]
[WhiteElo "1977"]
[BlackElo "2240"]
[PlyCount "115"]
[GameId "2160767910837492"]
[EventDate "2006.02.18"]
[EventType "swiss"]
[EventRounds "5"]
[EventCountry "CAN"]
[SourceTitle "CFC 2006.06"]

1. e4 g6 2. d4 Bg7 3. Nc3 c6 4. f4 d5 5. e5 Qb6 6. Nf3 Nh6 7. h3 O-O 8. Bd3 f6 9. Na4 Qc7 10. Be3 Kh8 11. Qd2 Nd7 12. Rf1 b5 13. Nc3 Nb6 14. g4 f5 15. g5 Nf7 16. Qh2 Kg8 17. h4 Nd8 18. h5 Re8 19. hxg6 hxg6 20. Rh1 Kf7 21. e6+ Bxe6 22. Qh7 Rh8 23. Ne5+ Qxe5 24. fxe5 Rxh7 25. Rxh7 Bd7 26. Ke2 Ne6 27. b3 a5 28. Kf3 Kg8 29. Rh2 Kf7 30. Rg1 a4 31. Ne2 Bc8 32. Nf4 Nxf4 33. Bxf4 Be6 34. Bd2 Bc8 35. Rgh1 Bb7 36. Bb4 Bc8 37. Rh7 Ra7 38. Bc5 Rb7 39. Bxb6 Rxb6 40. Re1 Be6 41. Rhh1 Ra6 42. Rc1 Ra5 43. Kf4 Kf8 44. Ra1 Ke8 45. Rhc1 a3 46. c3 Ra7 47. Rc2 Ra5 48. Rac1 Ra7 49. c4 b4 50. cxd5 Bxd5 51. Rc5 e6 52. Bc4 Bf8 53. Bxd5 cxd5 54. Rb5 Be7 55. Rb6 Kd7 56. Rcc6 Rc7 57. Rxc7+ Kxc7 58. Rxe6 1-0